LEADER 00979nam a2200253 i 4500 001 000000170748 003 CaOOAMICUS 005 20080408000000.0 008 080408s1972 gw u000 u ger u 013 $a148164 020 $a3-436-00654-8 040 $aSeMil$bita 100 1 $aMann, Thomas,$d<1875-1955>.$0(OLS)http://semarc/name/1550 245 10$aBuddenbrooks :$bVerfall einer Familie /$cThomas Mann. 260 $aBerlin :$bFischer-Verlag,$c[1972] 300 $a517 p. ;$c18 cm. 490 0 $aFischer Taschenbuch ;$v661 830 0$aFischer Taschenbücher ;$v661.$0(OLS)http://semarc/title/25523 850 $aSeMil 852 $aSeMil$W1$xVenegono$y1$m1V III 83$j121631$B121631$CSeMilBibl$Z2$F132976 $81 961 $aOmaggio: Altro 996 $6020$a3-436-00654-8$9(OLS)http://semarc/number/157753 996 $6245$aBuddenbrooks :$bVerfall einer Familie$9(OLS)http://semarc/title/244221 996 $6260$aBerlin :$bFischer-Verlag$9(OLS)http://semarc/publisher/35102 LEADER 01297nam a2200301 i 4500 001 000000118957 003 CaOOAMICUS 005 20031014000000.0 008 031014s1999 it u000 u ita u 013 $a91650 020 $a88-311-2316-5 040 $aSeMil$bita 245 10$aMediterraneo in ascolto :$bculture e nuova evangelizzazione /$c[a cura di ] Paul Poupard ; contributi di Paul Poupard ... [et al.]. 260 $aRoma :$bCittà Nuova,$ccopyr. 1999. 300 $a61 p. ;$c20 cm. 490 0 $aCultura e fede 500 $aFondo Card. C.M. Martini. 650 4$aChiesa e culture.$0(OLS)http://semarc/subject/7716 650 4$aNuova evangelizzazione e pastorale.$0(OLS)http://semarc/subject/1456 700 1 $aPoupard, Paul,$c.$0(OLS)http://semarc/name/3176 830 0$aCultura e fede.$0(OLS)http://semarc/title/10821 850 $aSeMil 852 $aSeMil$W1$xVenegono$y1$m2D II 58$j74202$B74202$CSeMilBibl$Z2$F90996 $81 941 1 $a4 961 $aOmaggio: Martini Card. Carlo Maria 996 $6020$a88-311-2316-5$9(OLS)http://semarc/number/103680 996 $6245$aMediterraneo in ascolto :$bculture e nuova evangelizzazione$9(OLS)http://semarc/title/174761 996 $6260$aRoma :$bCittà Nuova$9(OLS)http://semarc/publisher/29609